[Event "17. Open de Sants Hostafrancs 2015"]
[Site "Barcelona ESP"]
[Date "2015.08.26"]
[Round "6.15"]
[White "Oliva Castaneda, Kevel"]
[Black "Lorenzo De La Riva, Lazaro"]
[Result "1/2-1/2"]
[WhiteElo "2488"]
[BlackElo "2372"]
[PlyCount "149"]
[EventDate "2015.08.21"]
[EventType "swiss"]
[EventRounds "10"]
[EventCountry "ESP"]
[SourceTitle "Ajedrez en Madrid"]
[Source "lmi"]
[SourceDate "2015.08.21"]

1. Nf3 g6 2. c4 Bg7 3. Nc3 e5 4. d4 exd4 5. Nxd4 Nf6 6. Nc2 O-O 7. e3 c6 8. Qd6
Re8 9. Be2 Bf8 10. Qd2 d5 11. cxd5 cxd5 12. Bf3 Be6 13. b3 Nc6 14. Bb2 Bg7 15.
Na4 Ne4 16. Bxe4 Bxb2 17. Nxb2 dxe4 18. Qxd8 Rexd8 19. Rd1 Rxd1+ 20. Kxd1 b5
21. Kc1 a5 22. Rd1 a4 23. bxa4 bxa4 24. a3 Bb3 25. Rd2 Rc8 26. Kb1 f5 27. Na1
Ne5 28. h3 Bc4 29. Nc2 Bf1 30. Ne1 Nc4 31. Nxc4 Bxc4 32. Rd4 Kg7 33. Kb2 Rb8+
34. Kc3 Bb3 35. g4 fxg4 36. hxg4 Rf8 37. Rxe4 Rxf2 38. Nd3 Ra2 39. Kb4 Bd1 40.
g5 Rg2 41. Nf4 Rb2+ 42. Kc5 Bb3 43. Re7+ Kg8 44. e4 Bf7 45. Ra7 Rb3 46. e5 Rg3
47. e6 Rxg5+ 48. Kd6 Rf5 49. exf7+ Rxf7 50. Rxa4 h5 51. Ne6 Rf5 52. Rc4 Kh7 53.
a4 Ra5 54. Ke7 Kh6 55. Rc8 Kh7 56. Rc4 Kh6 57. Nc5 g5 58. Kf6 h4 59. Ne6 h3 60.
Rc3 g4 61. Rc8 Kh7 62. Rc7+ Kh6 63. Rc8 Kh7 64. Nf8+ Kh6 65. Rc7 Ra6+ 66. Kf5
Ra5+ 67. Kxg4 Rxa4+ 68. Kxh3 Kg5 69. Rf7 Ra3+ 70. Kg2 Ra6 71. Nd7 Ra2+ 72. Kf3
Ra3+ 73. Ke4 Ra4+ 74. Kd5 Ra5+ 75. Nc5 1/2-1/2

[Event "17. Open de Sants Hostafrancs 2015"]
[Site "Barcelona ESP"]
[Date "2015.08.26"]
[Round "6.16"]
[White "Midoux, Sebastien"]
[Black "Bellia, Fabrizio"]
[Result "1/2-1/2"]
[WhiteElo "2344"]
[BlackElo "2461"]
[PlyCount "115"]
[EventDate "2015.08.21"]
[EventType "swiss"]
[EventRounds "10"]
[EventCountry "ESP"]
[SourceTitle "Ajedrez en Madrid"]
[Source "lmi"]
[SourceDate "2015.08.21"]
[WhiteClock "0:26:05"]
[BlackClock "0:13:51"]

1. e4 e5 2. Nf3 Nc6 3. Bb5 a6 4. Bxc6 dxc6 5. O-O f6 6. d4 exd4 7. e5 fxe5 8.
Re1 Nf6 9. Rxe5+ Be7 10. Qe1 c5 11. h3 Rf8 12. c3 h6 13. cxd4 cxd4 14. Nxd4 Kf7
15. Qd1 Kg8 16. Qb3+ Kh8 17. Ne6 Bxe6 18. Rxe6 Nd5 19. Nc3 Nxc3 20. Qxc3 Bf6
21. Qb3 a5 22. a4 Qd7 23. Re2 Rad8 24. Be3 Qd3 25. Qxd3 Rxd3 26. Rc1 Rfd8 27.
Bf4 c6 28. Be5 Rd1+ 29. Rxd1 Rxd1+ 30. Kh2 Bxe5+ 31. Rxe5 Rd2 32. Rxa5 Rxb2 33.
Ra7 c5 34. a5 c4 35. a6 bxa6 36. Rxa6 Rxf2 37. Kg3 Rc2 38. Kf3 Kh7 39. Rc6 h5
40. h4 Rc1 41. Rc5 Kg6 42. Kg3 c3 43. Rg5+ Kh6 44. Rc5 Rc2 45. Rc6+ Kh7 46. Rc5
g6 47. Rc7+ Kg8 48. Kf3 Rc1 49. g3 Kf8 50. Kf4 c2 51. Kg5 Rg1 52. Rxc2 Rxg3+
53. Kf6 Kg8 54. Rc7 Kh8 55. Ra7 Rg4 56. Rb7 Rxh4 57. Kxg6 Rg4+ 58. Kxh5 1/2-1/2

[Event "17. Open de Sants Hostafrancs 2015"]
[Site "Barcelona ESP"]
[Date "2015.08.26"]
[Round "6.17"]
[White "Valsecchi, Alessio"]
[Black "Carstensen, Jacob"]
[Result "1/2-1/2"]
[WhiteElo "2459"]
[BlackElo "2336"]
[PlyCount "151"]
[EventDate "2015.08.21"]
[EventType "swiss"]
[EventRounds "10"]
[EventCountry "ESP"]
[SourceTitle "Ajedrez en Madrid"]
[Source "lmi"]
[SourceDate "2015.08.21"]
[WhiteClock "0:06:27"]
[BlackClock "0:03:42"]

1. e4 e5 2. d4 exd4 3. Qxd4 Nc6 4. Qe3 Nf6 5. Nc3 Bb4 6. Bd2 O-O 7. O-O-O Re8
8. Qg3 Rxe4 9. a3 Rg4 10. Qe3 Ba5 11. f3 Rd4 12. Bd3 Bxc3 13. Bxc3 Nd5 14. Qd2
Nxc3 15. Qxc3 Rd6 16. Nh3 Rh6 17. f4 d5 18. Ng5 Qf6 19. Bxh7+ Rxh7 20. Qxf6
gxf6 21. Nxh7 Kxh7 22. Rxd5 Be6 23. Rd2 Rg8 24. b3 Ne7 25. Re1 f5 26. Re5 b6
27. g3 a5 28. Kb2 Kg6 29. a4 Kh5 30. Re3 Rc8 31. Red3 Nc6 32. h3 Kg6 33. Rg2
Nb4 34. Re3 Bd5 35. Rd2 Be6 36. c3 Nd5 37. Re5 Nf6 38. g4 fxg4 39. Rg5+ Kh6 40.
hxg4 Bxg4 41. b4 Re8 42. bxa5 bxa5 43. Rh2+ Bh5 44. Rxa5 Re4 45. Rf5 Kg6 46.
Rg5+ Kh6 47. a5 Rxf4 48. Rc5 Kg7 49. Rg2+ Kf8 50. Rxc7 Ra4 51. Rg5 Bg6 52. Rb7
Ne4 53. Rd5 Nf2 54. Rb8+ Ke7 55. Rb6 Nd3+ 56. Kb3 Ra1 57. Kc4 Be4 58. Rg5 Kd7
59. Kd4 Bg6 60. Rbxg6 fxg6 61. Kxd3 Kc7 62. Kc4 Kb7 63. Re5 Ka6 64. Re6+ Kxa5
65. Rxg6 Rc1 66. Rc6 Rc2 67. Rd6 Rc1 68. Re6 Rc2 69. Kd3 Rc1 70. Kd4 Kb5 71.
Re5+ Kc6 72. Kc4 Rh1 73. Re6+ Kd7 74. Rg6 Rh5 75. Kd4 Kc7 76. Ke4 1/2-1/2

[Event "17. Open de Sants Hostafrancs 2015"]
[Site "Barcelona ESP"]
[Date "2015.08.26"]
[Round "6.18"]
[White "Lopez Mulet, Inigo"]
[Black "Galego, Luis"]
[Result "1/2-1/2"]
[WhiteElo "2332"]
[BlackElo "2454"]
[PlyCount "100"]
[EventDate "2015.08.21"]
[EventType "swiss"]
[EventRounds "10"]
[EventCountry "ESP"]
[SourceTitle "Ajedrez en Madrid"]
[Source "lmi"]
[SourceDate "2015.08.21"]
[WhiteClock "0:24:31"]
[BlackClock "0:26:45"]

1. d4 Nf6 2. c4 c5 3. d5 d6 4. Nc3 g6 5. g3 Bg7 6. Bg2 O-O 7. Nf3 a6 8. a4 Bf5
9. Nd2 Qc8 10. h3 e5 11. g4 Bd7 12. Nde4 Ne8 13. g5 Bf5 14. Ng3 f6 15. h4 fxg5
16. Bxg5 Qc7 17. h5 h6 18. Be3 g5 19. Nxf5 Rxf5 20. Qd3 Rf8 21. Bh3 Nd7 22.
Be6+ Kh8 23. Ne4 Qd8 24. Kd2 Rf4 25. Rag1 Qa5+ 26. Kc1 Qxa4 27. Bxf4 exf4 28.
Nc3 Bxc3 29. Qxc3+ Ne5 30. b3 Qa3+ 31. Kc2 Qa2+ 32. Qb2 Qxb2+ 33. Kxb2 Nf6 34.
f3 Kg7 35. Kc3 Kf8 36. Rb1 a5 37. Ra1 Ke7 38. Rh3 b6 39. Ra4 Rf8 40. Kd2 Nc6
41. dxc6 Kxe6 42. e3 fxe3+ 43. Kxe3 Rc8 44. Ra2 Rxc6 45. Re2 Rc7 46. Kf2+ Kf5
47. Rd2 Rd7 48. Rh1 Ke6 49. Re1+ Kf7 50. Red1 Ke6 1/2-1/2

[Event "17. Open de Sants Hostafrancs 2015"]
[Site "Barcelona ESP"]
[Date "2015.08.27"]
[Round "7.1"]
[White "Boruchovsky, Avital"]
[Black "Dvirnyy, Danyyil"]
[Result "1/2-1/2"]
[WhiteElo "2540"]
[BlackElo "2545"]
[PlyCount "48"]
[EventDate "2015.08.21"]
[EventType "swiss"]
[EventRounds "10"]
[EventCountry "ESP"]
[SourceTitle "Ajedrez en Madrid"]
[Source "lmi"]
[SourceDate "2015.08.21"]
[WhiteClock "0:35:11"]
[BlackClock "0:23:14"]

1. d4 d5 2. c4 c6 3. cxd5 cxd5 4. Bf4 Nc6 5. e3 Nf6 6. Nc3 Bg4 7. f3 Bd7 8. Bd3
e6 9. g4 Be7 10. h4 Rc8 11. Nge2 Na5 12. Kf2 Nc4 13. Rb1 b5 14. b3 Na3 15. Rc1
Qa5 16. Nb1 O-O 17. Rxc8 Rxc8 18. Nxa3 Qxa3 19. Qb1 g6 20. Be5 Be8 21. Kg2 Nd7
22. Bf4 Nf8 23. g5 Qa5 24. h5 Qd8 1/2-1/2

[Event "17. Open de Sants Hostafrancs 2015"]
[Site "Barcelona ESP"]
[Date "2015.08.27"]
[Round "7.2"]
[White "Blomqvist, Erik"]
[Black "Bailet, Pierre"]
[Result "1-0"]
[WhiteElo "2508"]
[BlackElo "2502"]
[PlyCount "127"]
[EventDate "2015.08.21"]
[EventType "swiss"]
[EventRounds "10"]
[EventCountry "ESP"]
[SourceTitle "Ajedrez en Madrid"]
[Source "lmi"]
[SourceDate "2015.08.21"]
[WhiteClock "0:02:29"]
[BlackClock "0:05:45"]

1. e4 e5 2. Nf3 Nc6 3. Nc3 Nf6 4. Be2 d6 5. d4 exd4 6. Nxd4 g6 7. Bg5 Bg7 8.
Nxc6 bxc6 9. e5 dxe5 10. Qxd8+ Kxd8 11. O-O-O+ Ke7 12. Rhe1 Be6 13. Bf3 Rad8
14. Rxe5 h6 15. Be3 Rxd1+ 16. Nxd1 Nd5 17. Bc5+ Kd7 18. Re2 h5 19. c4 Bh6+ 20.
Kc2 Ne7 21. b3 Nf5 22. Nc3 a5 23. Re1 Nd6 24. Bd4 Re8 25. Kd1 Nf5 26. Bf6 Bf8
27. Kc2 Nd6 28. Rd1 Bf5+ 29. Kb2 Kc8 30. h3 Re6 31. Bd4 Ne4 32. Ne2 Ng5 33. Ng1
Rd6 34. Kc1 Rd7 35. Bc3 Ba3+ 36. Bb2 Rxd1+ 37. Bxd1 Bc5 38. Nf3 Bxf2 39. Bc3
Ne6 40. Ne5 Be3+ 41. Kb2 Nf4 42. Bf3 c5 43. Nc6 Nd3+ 44. Ka1 Kd7 45. a3 a4 46.
bxa4 Be6 47. a5 Bxc4 48. a6 Bxa6 49. Nb8+ Kd6 50. Nxa6 Bd4 51. Kb1 Bxc3 52. Kc2
Nb4+ 53. axb4 cxb4 54. Kd3 c5 55. Kc4 Bd4 56. Bd5 b3 57. Bxf7 b2 58. Bxg6 Kc6
59. Nb4+ Kd6 60. Bc2 h4 61. Nd3 Ke6 62. Kb3 Kf5 63. Nxb2+ Kf4 64. Na4 1-0

[Event "17. Open de Sants Hostafrancs 2015"]
[Site "Barcelona ESP"]
[Date "2015.08.27"]
[Round "7.3"]
[White "Burmakin, Vladimir"]
[Black "Cori, Jorge"]
[Result "1-0"]
[WhiteElo "2558"]
[BlackElo "2635"]
[PlyCount "81"]
[EventDate "2015.08.21"]
[EventType "swiss"]
[EventRounds "10"]
[EventCountry "ESP"]
[SourceTitle "Ajedrez en Madrid"]
[Source "lmi"]
[SourceDate "2015.08.21"]
[WhiteClock "0:31:06"]
[BlackClock "0:31:55"]

1. Nf3 Nf6 2. g3 d5 3. Bg2 g6 4. c4 Bg7 5. cxd5 Nxd5 6. Nc3 O-O 7. O-O c5 8.
Nxd5 Qxd5 9. d3 Qh5 10. Be3 Na6 11. Rb1 h6 12. Qa4 Rb8 13. Rfc1 Rd8 14. a3 Bd7
15. Qa5 Be6 16. b4 Ba2 17. bxc5 Bxb1 18. Rxb1 Rdc8 19. d4 Qf5 20. Nd2 Qd7 21.
c6 Rxc6 22. Bxc6 Qxc6 23. d5 Qc2 24. Qb5 Nc7 25. Qd7 e6 26. Bf4 e5 27. Be3 Bf8
28. Bxa7 Re8 29. Be3 Re7 30. Qd8 Re8 31. Qd7 Re7 32. Qc8 Re8 33. Qxb7 Bxa3 34.
Qc6 Qxc6 35. dxc6 Nd5 36. Nc4 Bf8 37. Ba7 Rc8 38. Nxe5 Bg7 39. Rb8 Rxb8 40.
Bxb8 Ne7 41. Bd6 1-0

[Event "17. Open de Sants Hostafrancs 2015"]
[Site "Barcelona ESP"]
[Date "2015.08.27"]
[Round "7.4"]
[White "Piorun, Kacper"]
[Black "Libiszewski, Fabien"]
[Result "1/2-1/2"]
[WhiteElo "2592"]
[BlackElo "2533"]
[PlyCount "50"]
[EventDate "2015.08.21"]
[EventType "swiss"]
[EventRounds "10"]
[EventCountry "ESP"]
[SourceTitle "Ajedrez en Madrid"]
[Source "lmi"]
[SourceDate "2015.08.21"]
[WhiteClock "0:37:25"]
[BlackClock "0:21:23"]

1. e4 c5 2. Nf3 Nc6 3. d4 cxd4 4. Nxd4 e5 5. Nb5 d6 6. N1c3 a6 7. Na3 Be7 8.
Nc4 b5 9. Ne3 Nf6 10. Bd3 O-O 11. O-O Rb8 12. a4 Nb4 13. Be2 Be6 14. Ncd5 Nbxd5
15. exd5 Bd7 16. c4 Qa5 17. Bd2 b4 18. Bd3 Qc5 19. b3 g6 20. a5 Bd8 21. Nc2
Bxa5 22. Ra2 Bc8 23. Ra4 Bd7 24. Ra2 Bc8 25. Ra4 Bd7 1/2-1/2

[Event "17. Open de Sants Hostafrancs 2015"]
[Site "Barcelona ESP"]
[Date "2015.08.27"]
[Round "7.5"]
[White "Kanarek, Marcel"]
[Black "Vocaturo, Daniele"]
[Result "0-1"]
[WhiteElo "2528"]
[BlackElo "2578"]
[PlyCount "68"]
[EventDate "2015.08.21"]
[EventType "swiss"]
[EventRounds "10"]
[EventCountry "ESP"]
[SourceTitle "Ajedrez en Madrid"]
[Source "lmi"]
[SourceDate "2015.08.21"]
[WhiteClock "0:18:49"]
[BlackClock "0:00:43"]

1. d4 Nf6 2. c4 e6 3. Nf3 b6 4. g3 Bb4+ 5. Bd2 Bxd2+ 6. Qxd2 Ba6 7. Qc2 c5 8.
Bg2 Nc6 9. Qa4 Bb7 10. e3 O-O 11. O-O Ne7 12. Rd1 cxd4 13. Nxd4 Bxg2 14. Kxg2
Qc7 15. Nd2 a6 16. Qa3 d6 17. Qd3 Rfd8 18. Qe2 h6 19. e4 Rac8 20. b3 Ng6 21.
Kg1 d5 22. cxd5 exd5 23. Qxa6 dxe4 24. Nc4 Nd5 25. Nb5 Qc5 26. Nbd6 Nc3 27. Re1
b5 28. Nxc8 bxc4 29. Nb6 Ne5 30. Nxc4 Nf3+ 31. Kg2 Qh5 32. h4 Nxe1+ 33. Rxe1
Qf3+ 34. Kh3 Nd5 0-1

[Event "17. Open de Sants Hostafrancs 2015"]
[Site "Barcelona ESP"]
[Date "2015.08.27"]
[Round "7.6"]
[White "Dragun, Kamil"]
[Black "Arenas, David"]
[Result "1/2-1/2"]
[WhiteElo "2572"]
[BlackElo "2439"]
[PlyCount "65"]
[EventDate "2015.08.21"]
[EventType "swiss"]
[EventRounds "10"]
[EventCountry "ESP"]
[SourceTitle "Ajedrez en Madrid"]
[Source "lmi"]
[SourceDate "2015.08.21"]
[WhiteClock "0:28:35"]
[BlackClock "0:18:03"]

1. d4 Nf6 2. c4 g6 3. Nc3 Bg7 4. e4 d6 5. Nf3 O-O 6. Be2 e5 7. Be3 exd4 8. Nxd4
Re8 9. f3 c6 10. Bf2 d5 11. exd5 cxd5 12. O-O Nc6 13. c5 Nh5 14. Qd2 Bf8 15.
Kh1 Bd7 16. Ndb5 Be6 17. Rad1 a6 18. Nd4 Nxd4 19. Bxd4 Rc8 20. f4 Qh4 21. Bxh5
Qxh5 22. b4 Bh6 23. Rde1 Bd7 24. Qf2 Rxe1 25. Rxe1 Re8 26. Rxe8+ Bxe8 27. Qe3
Bc6 28. Qe7 Qf5 29. Qd8+ Bf8 30. Qf6 Qxf6 31. Bxf6 Bh6 32. a4 Bg7 33. Bxg7
1/2-1/2

[Event "17. Open de Sants Hostafrancs 2015"]
[Site "Barcelona ESP"]
[Date "2015.08.27"]
[Round "7.7"]
[White "Aloma Vidal, Robert"]
[Black "Nijboer, Friso"]
[Result "1-0"]
[WhiteElo "2454"]
[BlackElo "2566"]
[PlyCount "79"]
[EventDate "2015.08.21"]
[EventType "swiss"]
[EventRounds "10"]
[EventCountry "ESP"]
[SourceTitle "Ajedrez en Madrid"]
[Source "lmi"]
[SourceDate "2015.08.21"]
[WhiteClock "0:02:39"]
[BlackClock "0:31:23"]

1. d4 f5 2. e4 fxe4 3. Nc3 Nf6 4. Bg5 g6 5. f3 d5 6. fxe4 dxe4 7. Bc4 Bg7 8.
Nge2 Nc6 9. O-O Na5 10. Bb3 Nxb3 11. axb3 Bg4 12. Qd2 Bxe2 13. Nxe2 O-O 14. Qb4
Qd6 15. Qc4+ Kh8 16. Bf4 Qd7 17. Be5 Nd5 18. Ng3 Ne3 19. Rxf8+ Rxf8 20. Qc5 Qe6
21. Nxe4 Rf5 22. Ng3 Bxe5 23. Nxf5 Bxh2+ 24. Kxh2 Ng4+ 25. Kg1 gxf5 26. d5 Qh6
27. Qc3+ Kg8 28. Qg3 Kf7 29. Rf1 Qb6+ 30. Kh1 Kg6 31. Qf4 Qf6 32. Kg1 Qb6+ 33.
Kh1 Qf6 34. Qxc7 Qh4+ 35. Kg1 Ne3 36. Qf4 Qxf4 37. Rxf4 Nxd5 38. Rd4 Nf6 39.
Rb4 b6 40. Ra4 1-0

[Event "17. Open de Sants Hostafrancs 2015"]
[Site "Barcelona ESP"]
[Date "2015.08.27"]
[Round "7.8"]
[White "Ootes, Lars"]
[Black "Peralta, Fernando"]
[Result "0-1"]
[WhiteElo "2400"]
[BlackElo "2564"]
[PlyCount "58"]
[EventDate "2015.08.21"]
[EventType "swiss"]
[EventRounds "10"]
[EventCountry "ESP"]
[SourceTitle "Ajedrez en Madrid"]
[Source "lmi"]
[SourceDate "2015.08.21"]
[WhiteClock "0:39:27"]
[BlackClock "0:02:57"]

1. e4 e6 2. d4 d5 3. Nc3 Nf6 4. e5 Nfd7 5. f4 c5 6. Nf3 Nc6 7. Be3 Be7 8. a3
O-O 9. dxc5 Nxc5 10. b4 Nd7 11. Bd3 f6 12. h4 fxe5 13. Bxh7+ Kxh7 14. Ng5+ Kg8
15. Nxe6 Qe8 16. Nxf8 Nxf8 17. Nxd5 exf4 18. Nc7 Bxb4+ 19. axb4 Qxe3+ 20. Kf1
Be6 21. Nxe6 Qxe6 22. b5 Qc4+ 23. Qd3 Qxd3+ 24. cxd3 Nd4 25. Kf2 Nfe6 26. Rhb1
Nc5 27. Ra3 b6 28. Kg1 Nce6 29. Ra4 Ne2+ 0-1

[Event "17. Open de Sants Hostafrancs 2015"]
[Site "Barcelona ESP"]
[Date "2015.08.27"]
[Round "7.9"]
[White "Potkin, Vladimir"]
[Black "Admiraal, Miguoel"]
[Result "1/2-1/2"]
[WhiteElo "2599"]
[BlackElo "2414"]
[PlyCount "47"]
[EventDate "2015.08.21"]
[EventType "swiss"]
[EventRounds "10"]
[EventCountry "ESP"]
[SourceTitle "Ajedrez en Madrid"]
[Source "lmi"]
[SourceDate "2015.08.21"]
[WhiteClock "0:39:02"]
[BlackClock "0:13:45"]

1. d4 d5 2. c4 e6 3. Nc3 Be7 4. Bf4 Nf6 5. e3 O-O 6. Rc1 c5 7. dxc5 Bxc5 8. Nf3
Nc6 9. cxd5 exd5 10. a3 d4 11. Nb5 Qa5+ 12. Qd2 Qxd2+ 13. Nxd2 dxe3 14. fxe3
Be7 15. Nc7 Rb8 16. Nb5 Ra8 17. Nc7 Rb8 18. Be2 Bg4 19. Bxg4 Nxg4 20. Nd5 Rbd8
21. Nxe7+ Nxe7 22. h3 Nf6 23. Nf3 Ned5 24. O-O 1/2-1/2

[Event "17. Open de Sants Hostafrancs 2015"]
[Site "Barcelona ESP"]
[Date "2015.08.27"]
[Round "7.10"]
[White "Kobo, Ori"]
[Black "Riff, Jean-Noel"]
[Result "1/2-1/2"]
[WhiteElo "2412"]
[BlackElo "2519"]
[PlyCount "58"]
[EventDate "2015.08.21"]
[EventType "swiss"]
[EventRounds "10"]
[EventCountry "ESP"]
[SourceTitle "Ajedrez en Madrid"]
[Source "lmi"]
[SourceDate "2015.08.21"]
[WhiteClock "0:47:22"]
[BlackClock "0:07:40"]

1. d4 Nf6 2. c4 e6 3. Nc3 Bb4 4. f3 O-O 5. a3 Bxc3+ 6. bxc3 c5 7. e4 Nc6 8. Be3
Qa5 9. Qd2 d5 10. e5 Nd7 11. cxd5 exd5 12. Ne2 Nb6 13. Nf4 cxd4 14. cxd4 Qxd2+
15. Kxd2 f6 16. exf6 Rxf6 17. Rc1 Na5 18. Rc7 Bf5 19. Ke1 Rc6 20. Rxc6 bxc6 21.
g4 Bc2 22. Kf2 Rb8 23. Ba6 Nbc4 24. Re1 Kf7 25. Ne6 Re8 26. Nc5 h6 27. h4 Re7
28. Bc1 Nb3 29. Nxb3 Bxb3 1/2-1/2

[Event "17. Open de Sants Hostafrancs 2015"]
[Site "Barcelona ESP"]
[Date "2015.08.27"]
[Round "7.12"]
[White "Schroeder, Jan-Christian"]
[Black "Midoux, Sebastien"]
[Result "1-0"]
[WhiteElo "2473"]
[BlackElo "2344"]
[PlyCount "77"]
[EventDate "2015.08.21"]
[EventType "swiss"]
[EventRounds "10"]
[EventCountry "ESP"]
[SourceTitle "Ajedrez en Madrid"]
[Source "lmi"]
[SourceDate "2015.08.21"]
[WhiteClock "0:02:50"]
[BlackClock "0:13:44"]

1. e4 e5 2. Nf3 Nc6 3. Bc4 Nf6 4. d3 Be7 5. O-O O-O 6. Re1 d6 7. a4 Kh8 8. a5
a6 9. Nc3 Bg4 10. h3 Bh5 11. Be3 Qd7 12. Bb3 Rad8 13. Nd5 Nxd5 14. exd5 Nb8 15.
Nxe5 Bxd1 16. Nxd7 Bxc2 17. Bxc2 Nxd7 18. Rac1 Bf6 19. d4 b6 20. b4 g6 21. Bd3
bxa5 22. bxa5 Nb8 23. Rxc7 Kg8 24. Rb1 Rde8 25. Ra7 Kg7 26. Rb6 Rc8 27. Rxd6
Bd8 28. Bxa6 Rc7 29. Ra8 Be7 30. Rb6 Nxa6 31. Raxa6 Rc4 32. d6 Bf6 33. d7 Bxd4
34. Bxd4+ Rxd4 35. Rd6 Rxd6 36. Rxd6 Rd8 37. a6 Kf8 38. a7 Ke7 39. Rd4 1-0

[Event "17. Open de Sants Hostafrancs 2015"]
[Site "Barcelona ESP"]
[Date "2015.08.27"]
[Round "7.13"]
[White "Lorenzo De La Riva, Lazaro"]
[Black "Andersen, Mads"]
[Result "0-1"]
[WhiteElo "2372"]
[BlackElo "2467"]
[PlyCount "114"]
[EventDate "2015.08.21"]
[EventType "swiss"]
[EventRounds "10"]
[EventCountry "ESP"]
[SourceTitle "Ajedrez en Madrid"]
[Source "lmi"]
[SourceDate "2015.08.21"]

1. c4 g6 2. d4 Nf6 3. Nc3 Bg7 4. e4 d6 5. f3 O-O 6. Nge2 c5 7. Be3 Nc6 8. Qd2
Qa5 9. Rc1 a6 10. a4 Qb4 11. dxc5 dxc5 12. Nd5 Qxd2+ 13. Bxd2 Nd7 14. b4 cxb4
15. Nxb4 Nc5 16. Nf4 Nb3 17. Nxc6 bxc6 18. Rc2 Nxd2 19. Rxd2 Bc3 20. Kd1 Bxd2
21. Kxd2 Rb8 22. Bd3 e5 23. Ne2 f5 24. Kc3 c5 25. exf5 Bxf5 26. Nc1 Rb4 27.
Bxf5 gxf5 28. Nd3 Rxa4 29. Nxc5 Ra3+ 30. Kb4 Ra2 31. Nd7 Ra8 32. c5 a5+ 33. Kb3
Rd2 34. c6 a4+ 35. Kc3 Rd6 36. Nxe5 a3 37. Ra1 a2 38. f4 Rdd8 39. Nd7 Rdc8 40.
Ne5 Rcb8 41. Kc2 Rb6 42. g3 Kg7 43. Kc1 Ra5 44. Kc2 Rc5+ 45. Kd3 Rb2 46. h4 Rc1
47. Rxc1 Rb1 48. Rxb1 axb1=Q+ 49. Kd4 Qb5 50. Ke3 Qc5+ 51. Kf3 Qc3+ 52. Kg2 h5
53. Kh2 Qc2+ 54. Kh3 Kh7 55. Nf3 Qxc6 56. Kg2 Qc2+ 57. Kh3 Qf2 0-1

[Event "17. Open de Sants Hostafrancs 2015"]
[Site "Barcelona ESP"]
[Date "2015.08.27"]
[Round "7.14"]
[White "Bellia, Fabrizio"]
[Black "Lopez Mulet, Inigo"]
[Result "1/2-1/2"]
[WhiteElo "2461"]
[BlackElo "2332"]
[PlyCount "54"]
[EventDate "2015.08.21"]
[EventType "swiss"]
[EventRounds "10"]
[EventCountry "ESP"]
[SourceTitle "Ajedrez en Madrid"]
[Source "lmi"]
[SourceDate "2015.08.21"]

1. e4 e6 2. d4 d5 3. Nd2 c5 4. exd5 Qxd5 5. dxc5 Nf6 6. Ngf3 Nbd7 7. b4 b6 8.
c4 Qc6 9. Bb2 bxc5 10. b5 Qc7 11. Bd3 Bb7 12. O-O Bd6 13. Qe2 O-O 14. Ne4 Nxe4
15. Bxe4 Bxe4 16. Qxe4 Rfe8 17. Rad1 Rad8 18. Rfe1 e5 19. g3 Nf8 20. Qc6 f6 21.
Rd5 Ne6 22. Ba3 Qxc6 23. bxc6 Bc7 24. Rb1 Bb6 25. Nd2 Rc8 26. Rd6 Bc7 27. Rd7
Bb6 1/2-1/2

[Event "17. Open de Sants Hostafrancs 2015"]
[Site "Barcelona ESP"]
[Date "2015.08.27"]
[Round "7.15"]
[White "Valderrama Quiceno, Esteban A"]
[Black "Valsecchi, Alessio"]
[Result "1-0"]
[WhiteElo "2357"]
[BlackElo "2459"]
[PlyCount "81"]
[EventDate "2015.08.21"]
[EventType "swiss"]
[EventRounds "10"]
[EventCountry "ESP"]
[SourceTitle "Ajedrez en Madrid"]
[Source "lmi"]
[SourceDate "2015.08.21"]

1. d4 Nf6 2. Nf3 d5 3. c4 e6 4. e3 Nbd7 5. Nbd2 Be7 6. Bd3 b6 7. O-O Bb7 8. Qe2
Ne4 9. b3 O-O 10. Bb2 a5 11. a3 a4 12. b4 c5 13. b5 Bf6 14. Rfd1 Qb8 15. Nf1
Rd8 16. Rac1 dxc4 17. Bxc4 Nf8 18. Ng3 Nxg3 19. hxg3 Nd7 20. d5 exd5 21. Bxd5
Bxd5 22. Rxd5 Bxb2 23. Qxb2 Nf6 24. Rxd8+ Qxd8 25. Ne5 Qd5 26. Nc4 Rd8 27. Qc2
Ng4 28. f3 Ne5 29. Nxb6 Qe6 30. Qxc5 Nd3 31. Rd1 h6 32. Qc7 Qxe3+ 33. Kh2 Re8
34. Nc4 Qe2 35. Rd2 Qe6 36. Rxd3 Qf5 37. Rd8 Rxd8 38. Qxd8+ Kh7 39. Qe8 Qh5+
40. Kg1 Qc5+ 41. Qe3 1-0

[Event "17. Open de Sants Hostafrancs 2015"]
[Site "Barcelona ESP"]
[Date "2015.08.27"]
[Round "7.16"]
[White "Galego, Luis"]
[Black "Sochacki, Wojtek"]
[Result "1-0"]
[WhiteElo "2454"]
[BlackElo "2324"]
[PlyCount "59"]
[EventDate "2015.08.21"]
[EventType "swiss"]
[EventRounds "10"]
[EventCountry "ESP"]
[SourceTitle "Ajedrez en Madrid"]
[Source "lmi"]
[SourceDate "2015.08.21"]

1. e4 e5 2. Bc4 Nf6 3. d3 Nc6 4. Nf3 Be7 5. Nc3 d6 6. a3 O-O 7. h3 Nd4 8. Nxd4
exd4 9. Ne2 c5 10. Nf4 b5 11. Ba2 Bb7 12. O-O Qd7 13. Bd2 a5 14. Qf3 c4 15. Ne2
c3 16. Bc1 b4 17. Nxd4 d5 18. e5 cxb2 19. Bxb2 bxa3 20. exf6 Bxf6 21. Bxa3 Bxd4
22. Rab1 Bc6 23. Bxf8 Rxf8 24. Qf4 Qa7 25. Qd6 Qa8 26. Qf4 Bc3 27. Rb6 Re8 28.
d4 Be1 29. c3 Bxc3 30. Rc1 1-0

[Event "17. Open de Sants Hostafrancs 2015"]
[Site "Barcelona ESP"]
[Date "2015.08.27"]
[Round "7.17"]
[White "Dourerassou, Jonathan"]
[Black "Mateus, Alejandro"]
[Result "1-0"]
[WhiteElo "2436"]
[BlackElo "2283"]
[PlyCount "111"]
[EventDate "2015.08.21"]
[EventType "swiss"]
[EventRounds "10"]
[EventCountry "ESP"]
[SourceTitle "Ajedrez en Madrid"]
[Source "lmi"]
[SourceDate "2015.08.21"]

1. e4 c5 2. Nf3 d6 3. d4 Nf6 4. Nc3 cxd4 5. Nxd4 a6 6. Bc4 e6 7. Bb3 b5 8. O-O
Be7 9. Qf3 Qb6 10. Be3 Qb7 11. Qg3 Bd7 12. Rad1 O-O 13. Bh6 Ne8 14. Rfe1 Kh8
15. Bg5 Nc6 16. Nf3 b4 17. Ne2 Nf6 18. Nf4 a5 19. Qh4 Ne5 20. Nxe5 dxe5 21. Nh5
Nxh5 22. Bxe7 Rfe8 23. Qxh5 Rxe7 24. Qxe5 Bb5 25. c4 bxc3 26. Qxc3 a4 27. Bc2
Rc7 28. Qd2 Rd7 29. Qb4 Bc6 30. Qc4 Bb5 31. Rxd7 Qxd7 32. Qb4 Rd8 33. h3 Qc6
34. Rd1 Rxd1+ 35. Bxd1 Kg8 36. e5 h6 37. Qd2 Qd5 38. Qxd5 exd5 39. f4 Kf8 40.
Kf2 d4 41. Be2 Bc6 42. Bc4 f6 43. g3 Ke7 44. Ke2 fxe5 45. fxe5 Be4 46. h4 g5
47. hxg5 hxg5 48. Kd2 Bb1 49. a3 Be4 50. b4 axb3 51. Bxb3 Kd7 52. Bc2 Bxc2 53.
Kxc2 Ke6 54. Kd3 Kxe5 55. a4 Kd5 56. a5 1-0